Nuevas formas de pensar en el mundo actual /
sin resumen
Sábháilte in:
| Príomhchruthaitheoir: | |
|---|---|
| Formáid: | Téacs |
| Teanga: | Spanish |
| Ábhair: | |
| Clibeanna: |
Cuir clib leis
Níl clibeanna ann, Bí ar an gcéad duine le clib a chur leis an taifead seo!
|
MARC
| LEADER | 00000 a a2200000 04500 | ||
|---|---|---|---|
| 001 | 2642 | ||
| 003 | cru CIDCACS/IIS | ||
| 005 | 20230731090514.0 | ||
| 008 | 230731b |||||||| |||| 00| 0 spa d | ||
| 040 | |c cru CIDCACS/IIS | ||
| 100 | |a González Casanova, Pablo | ||
| 245 | |a Nuevas formas de pensar en el mundo actual / |c Pablo González Casanova | ||
| 520 | |a sin resumen | ||
| 650 | |a DOCTRINAS POLITICAS | ||
| 650 | |a IDEOLOGIAS POLITICAS | ||
| 650 | |a LIBERALISMO | ||
| 650 | |a SOCIALISMO | ||
| 651 | 0 | |9 17 |a AMERICA LATINA | |
| 773 | |g volumen 33, número 188; páginas 2-12 | ||
| 773 | 0 | |0 19037 |9 9597 |a Casa de las Américas |d Cuba Casa de las Américas |o 23012 |t Casa de las Américas / | |
| 942 | |2 ddc |c PP | ||
| 999 | |c 35846 |d 35846 | ||
